| 000 | 00864cab a2200241 4500 | ||
|---|---|---|---|
| 001 | WB3233-27 | ||
| 008 | 090401t1996 xxu||||| |||| 00| 0 eng d | ||
| 035 | _a(Sirsi) u5862 | ||
| 041 | _aeng | ||
| 245 | 4 | _aThe big squeeze on new home tenancies | |
| 260 | _c1996 | ||
| 350 | _a0 | ||
| 490 |
_aFinancial Times _v31 August 1996, BXI(2) |
||
| 520 | _aDiscusses the current house rental market in London, Oxford and Cambridge. Background information on tenancy agreements. | ||
| 650 | _aASSOCIATION OF RESIDENTIAL LETTING AGENTS | ||
| 650 | _aLETTING MARKET | ||
| 650 | _aLONDON | ||
| 650 |
_aRESIDENTIAL PROPERTY _96266 |
||
| 650 | _aPROPERTY-RESIDENTIAL PROPERTY-RESIDENTIAL LANDLORD AND TENANT-RESIDENTIAL TENANCIES | ||
| 690 | _aPROPERTY-RESIDENTIAL PROPERTY-RESIDENTIAL LANDLORD AND TENANT-RESIDENTIAL TENANCIES | ||
| 942 | _n0 | ||
| 948 | _c04/03/1997 | ||
| 999 |
_c3503 _d3503 |
||